Nhập môn microsoft powerpoint

Guardado en:
Detalles Bibliográficos
Autor principal: Hồ, Trọng Long
Formato: Libro
Lenguaje:Undetermined
Publicado: Hà Nội Giao thông vận tải 2004
Materias:
Etiquetas: Agregar Etiqueta
Sin Etiquetas, Sea el primero en etiquetar este registro!
Thư viện lưu trữ: Trung tâm Học liệu Trường Đại học Cần Thơ
LEADER 00603nam a2200193Ia 4500
001 CTU_100884
008 210402s9999 xx 000 0 und d
020 |c 25000 
082 |a 005.3 
082 |b L431 
100 |a Hồ, Trọng Long 
245 0 |a Nhập môn microsoft powerpoint 
245 0 |c Hồ Trọng Long, Nguyễn Phước Đại, Nguyễn Duy Hoàng Mỹ 
260 |a Hà Nội 
260 |b Giao thông vận tải 
260 |c 2004 
650 |a Powerpoint ( computer programs ) 
904 |i Tuyến 
980 |a Trung tâm Học liệu Trường Đại học Cần Thơ